[Event "Wch Seniors 23rd 2013"]
[Site "Rijeka"]
[Date "2013.11.15"]
[Round "4.91"]
[White "Neumann, Horst"]
[Black "Thonig, Manfred"]
[Result "1-0"]
[WhiteElo "1929"]
[BlackElo "1553"]
[PlyCount "103"]
[EventDate "2013.11.12"]

1. e4 d6 2. d4 Nf6 3. Bd3 g6 4. Bg5 Bg7 5. Qd2 h6 6. Bh4 Qd7 7. h3 g5 8. Bg3
Nh5 9. Ne2 c5 10. c3 b5 11. dxc5 dxc5 12. Qe3 Na6 13. Bh2 c4 14. Bc2 Bb7 15.
Nd2 Qc6 16. Nd4 Qc5 17. Qe2 Nf4 18. Bxf4 gxf4 19. N2f3 e6 20. Rd1 O-O-O 21. O-O
Kb8 22. Rd2 Rhe8 23. Rfd1 Rc8 24. a3 f5 25. exf5 exf5 26. Qf1 Be4 27. Ne1 Bf6
28. f3 Bxc2 29. Nexc2 Nc7 30. Kh2 Bh4 31. Ne2 Qe5 32. Ned4 Bg3+ 33. Kh1 Kb7 34.
Re2 Qf6 35. Rdd2 a6 36. Qd1 Nd5 37. Nxb5 Rxe2 38. Rxe2 Rd8 39. Nbd4 Ne3 40.
Nxe3 fxe3 41. Rxe3 Be5 42. Qe1 Bxd4 43. Re7+ Kb8 44. cxd4 Qb6 45. Qe5+ Kc8 46.
Qxf5+ Kb8 47. Qe5+ Kc8 48. d5 Qc5 49. Qe6+ Kb8 50. Re8 Qc7 51. d6 Qb6 52. Qe7
1-0

[Event "Wch Seniors 23rd 2013"]
[Site "Rijeka"]
[Date "2013.11.15"]
[Round "4.92"]
[White "Wilson, F  Leon"]
[Black "Choong, Liong-On Mark"]
[Result "0-1"]
[WhiteElo "1591"]
[BlackElo "1924"]
[PlyCount "120"]
[EventDate "2013.11.12"]

1. d4 Nf6 2. c4 g6 3. Nc3 Bg7 4. e4 d6 5. h3 c6 6. Nf3 O-O 7. Bg5 h6 8. Be3 Qa5
9. Bd3 Nbd7 10. Qd2 Kh7 11. O-O a6 12. a3 b5 13. b4 Qc7 14. c5 dxc5 15. dxc5
Rd8 16. Rac1 Ng8 17. Rfe1 Nf8 18. Qc2 e5 19. Rcd1 Ne6 20. Qc1 Nd4 21. Nd2 Be6
22. Qb1 a5 23. Ne2 axb4 24. axb4 Ra3 25. Nc1 Ne7 26. Bxd4 Rxd4 27. Nf3 Rd8 28.
Bc2 Rda8 29. Bb3 Bc4 30. Bxc4 bxc4 31. Qc2 c3 32. Ne2 Qb7 33. Rb1 Qb5 34. Nxc3
Qc4 35. Re3 f5 36. Nd2 Qe6 37. Rd1 Rf8 38. Nf3 Qc4 39. Nd2 Qxb4 40. Na2 Qa5 41.
Nc4 Rxa2 42. Qb1 Qa7 43. Nb6 Rf7 44. Rd7 Ra1 45. Rxa7 Rxb1+ 46. Kh2 Rb5 47. Nc8
Rxc5 48. Rxe7 Rxe7 49. Nxe7 Bf6 50. Nc8 Rc2 51. f3 Bh4 52. exf5 gxf5 53. Nd6 f4
54. Nf5 fxe3 55. Nxe3 Rc1 56. Ng4 Re1 57. g3 Re2+ 58. Kg1 Bxg3 59. Nf6+ Kg6 60.
Ne4 Rxe4 0-1

[Event "Wch Seniors 23rd 2013"]
[Site "Rijeka"]
[Date "2013.11.15"]
[Round "4.95"]
[White "Kummer, Heinz"]
[Black "King, Melvyn"]
[Result "0-1"]
[WhiteElo "1788"]
[BlackElo "1890"]
[PlyCount "44"]
[EventDate "2013.11.12"]

1. e4 e5 2. Nf3 f5 3. Nxe5 Qf6 4. Nc4 Bc5 5. Qe2 Ne7 6. e5 Qf7 7. c3 b5 8. Na5
h6 9. d3 Bb6 10. Nb3 Bb7 11. N1d2 O-O 12. Nf3 f4 13. Bd2 c5 14. O-O-O Nbc6 15.
Kb1 a5 16. d4 c4 17. Nc5 Bxc5 18. dxc5 Rfe8 19. Qe4 Nb4 20. Qxb7 Qf5+ 21. Ka1
Nc2+ 22. Kb1 Na3+ 0-1

[Event "Wch Seniors 23rd 2013"]
[Site "Rijeka"]
[Date "2013.11.15"]
[Round "4.96"]
[White "Nielsen, Peter"]
[Black "Bohman, Leif"]
[Result "0-1"]
[WhiteElo "1769"]
[BlackElo "1880"]
[PlyCount "68"]
[EventDate "2013.11.12"]

1. e4 e6 2. d4 d5 3. Nc3 Nf6 4. e5 Nfd7 5. Nf3 Be7 6. Be2 c5 7. dxc5 Nc6 8. Bf4
a6 9. O-O Bxc5 10. a3 Be7 11. b4 Qc7 12. Qd2 Ncxe5 13. Nxe5 Nxe5 14. Rad1 O-O
15. Rfe1 Bd6 16. b5 Nc4 17. Bxd6 Nxd6 18. bxa6 bxa6 19. Qd4 Nf5 20. Qd3 Bb7 21.
Rb1 Bc6 22. Rb3 Rfc8 23. Reb1 d4 24. Ne4 Bb5 25. Qd2 Bxe2 26. Qxe2 Qxc2 27.
Qxc2 Rxc2 28. g4 Ne7 29. Nd6 h6 30. R1b2 Rxb2 31. Rxb2 Kh7 32. Rb7 Nd5 33. Rxf7
d3 34. Ne8 d2 0-1

[Event "Wch Seniors 23rd 2013"]
[Site "Rijeka"]
[Date "2013.11.15"]
[Round "4.97"]
[White "Kiss, Istvan"]
[Black "Milosevic, Bozidar"]
[Result "1-0"]
[WhiteElo "1880"]
[BlackElo "1734"]
[PlyCount "79"]
[EventDate "2013.11.12"]

1. e4 e5 2. Nf3 Nc6 3. Bc4 Nd4 4. O-O Nxf3+ 5. Qxf3 Qf6 6. Qb3 a6 7. a4 Bc5 8.
Nc3 c6 9. d3 d6 10. Be3 Ne7 11. Bxc5 dxc5 12. a5 O-O 13. Qb6 Qd6 14. Na4 Bg4
15. Qxc5 Rfd8 16. Qxd6 Rxd6 17. f4 exf4 18. Rxf4 Be6 19. Nb6 Rf8 20. Raf1 Ng6
21. R4f2 Ne5 22. Bxe6 Rxe6 23. h3 g5 24. Na4 Kg7 25. Nc5 Re7 26. b3 f6 27. c4
h5 28. d4 Ng6 29. d5 cxd5 30. cxd5 Nf4 31. d6 Re5 32. Nd7 Rxe4 33. Nxf8 Kxf8
34. Rd2 Ke8 35. Kh2 h4 36. d7+ Kd8 37. Rc1 Ne6 38. Rc8+ Ke7 39. Re8+ Kf7 40.
Rxe6 1-0

[Event "Wch Seniors 23rd 2013"]
[Site "Rijeka"]
[Date "2013.11.16"]
[Round "5.1"]
[White "Kupreichik, Viktor D"]
[Black "Rogulj, Branko"]
[Result "1/2-1/2"]
[WhiteElo "2454"]
[BlackElo "2420"]
[PlyCount "141"]
[EventDate "2013.11.12"]

1. e4 e5 2. Nf3 Nc6 3. Bb5 Nf6 4. d4 exd4 5. O-O d6 6. Nxd4 Bd7 7. Bxc6 bxc6 8.
Qf3 Be7 9. e5 Nd5 10. exd6 cxd6 11. c4 Nb4 12. Bd2 c5 13. Bxb4 cxb4 14. Nc6
Bxc6 15. Qxc6+ Kf8 16. Nd2 Rc8 17. Qb7 a5 18. Rad1 Qc7 19. Qd5 h5 20. b3 Rh6
21. Rfe1 h4 22. h3 Qc5 23. Nf3 Qxd5 24. Rxd5 Rc5 25. Rd4 g5 26. Rde4 Bf6 27.
Re8+ Kg7 28. Rd1 Bc3 29. Rd8 a4 30. bxa4 Rxc4 31. Nxg5 Bf6 32. Nxf7 Kxf7 33.
R8xd6 Rh5 34. R6d3 Rf5 35. a3 Rc2 36. f4 Rxf4 37. g3 Rff2 38. gxh4 Rg2+ 39. Kh1
Rh2+ 40. Kg1 Rcg2+ 41. Kf1 Ra2 42. Kg1 bxa3 43. Rxa3 Rxa3 44. Kxh2 Rxa4 45. h5
Ra5 46. h6 Rh5 47. Rd7+ Be7 48. Kg3 Rxh6 49. Rb7 Ke6 50. Rb3 Bd6+ 51. Kg2 Kf5
52. h4 Rxh4 53. Rb7 Ke4 54. Rg7 Rh2+ 55. Kf1 Kf3 56. Ke1 Bf4 57. Kd1 Rd2+ 58.
Ke1 Rc2 59. Rd7 Bg5 60. Rd3+ Be3 61. Rd8 Rc1+ 62. Rd1 Rc8 63. Rd7 Rh8 64. Kd1
Rc8 65. Ke1 Rc3 66. Rd8 Bf4 67. Rd7 Rc8 68. Rd3+ Be3 69. Rd7 Rc1+ 70. Rd1 Rc2
71. Rd8 1/2-1/2

[Event "Wch Seniors 23rd 2013"]
[Site "Rijeka"]
[Date "2013.11.16"]
[Round "5.2"]
[White "Mochalov, Evgeny V"]
[Black "Vaisser, Anatoly"]
[Result "1/2-1/2"]
[WhiteElo "2404"]
[BlackElo "2523"]
[PlyCount "38"]
[EventDate "2013.11.12"]

1. d4 f5 2. Nf3 Nf6 3. g3 e6 4. Bg2 d5 5. O-O Bd6 6. b3 Qe7 7. c4 c6 8. a4 a5
9. Ba3 Na6 10. Bxd6 Qxd6 11. Qd2 b6 12. Qb2 O-O 13. Na3 Bb7 14. Ne5 Nd7 15. f4
Nb4 16. Rac1 Rfd8 17. Rfd1 Ba6 18. Nc2 Nxc2 19. Rxc2 Nxe5 1/2-1/2

[Event "Wch Seniors 23rd 2013"]
[Site "Rijeka"]
[Date "2013.11.16"]
[Round "5.3"]
[White "Hulak, Krunoslav"]
[Black "Chernikov, Oleg L"]
[Result "1-0"]
[WhiteElo "2473"]
[BlackElo "2400"]
[PlyCount "151"]
[EventDate "2013.11.12"]

1. d4 d5 2. c4 e6 3. Nc3 a6 4. e3 Nf6 5. Nf3 dxc4 6. a4 c5 7. Bxc4 Nc6 8. O-O
Be7 9. Qe2 O-O 10. Rd1 Qb6 11. b3 Rd8 12. Ba3 Bd7 13. Ne5 Be8 14. a5 Nxa5 15.
Nd3 Qc7 16. Bxc5 Bxc5 17. Nxc5 b6 18. N5e4 Nxe4 19. Nxe4 Bc6 20. Nd2 e5 21.
Bxa6 exd4 22. e4 Qd6 23. Bd3 Re8 24. Re1 Bb7 25. e5 Qh6 26. Nc4 Nxc4 27. Rxa8
Bxa8 28. Bxc4 Qg6 29. f3 Rd8 30. Rd1 h6 31. Rd2 Bc6 32. Rd1 Kf8 33. Qf2 Kg8 34.
Qe2 h5 35. g3 h4 36. Kg2 Kh8 37. Kf2 Qf5 38. f4 g6 39. Kg1 Kg7 40. g4 Qxf4 41.
Rf1 d3 42. Rxf4 dxe2 43. Rxf7+ Kh6 44. Kf2 Re8 45. Bxe2 Bd5 46. Rf6 Bxb3 47.
Bd3 Re6 48. Rxe6 Bxe6 49. h3 g5 50. Ke3 Bd5 51. Kd4 Be6 52. Bb5 Kg7 53. Bc6 Kf7
54. Bb5 Ke7 55. Bc6 Bd7 56. Bd5 Ba4 57. Bf3 Kd7 58. Bd5 Kc7 59. Ke4 Bc2+ 60.
Kd4 Bb1 61. Bc4 Kd7 62. Bb5+ Ke7 63. Bc4 Bg6 64. Bd5 Be8 65. Ke4 Bd7 66. Kd4
Be6 67. Bc6 Kd8 68. Ke4 Kc7 69. Bb5 Bd7 70. Bc4 b5 71. Bb3 Kd8 72. e6 Bc8 73.
Kf5 Ke7 74. Ba2 b4 75. Bb3 Kd6 76. Kf6 1-0

[Event "Wch Seniors 23rd 2013"]
[Site "Rijeka"]
[Date "2013.11.16"]
[Round "5.4"]
[White "Suba, Mihai"]
[Black "Kakageldyev, Amanmurad"]
[Result "1/2-1/2"]
[WhiteElo "2413"]
[BlackElo "2384"]
[PlyCount "86"]
[EventDate "2013.11.12"]

1. c4 g6 2. e4 Bg7 3. d4 d6 4. Nc3 Nc6 5. d5 Nd4 6. Be3 c5 7. dxc6 Nxc6 8. Qd2
Nf6 9. f3 O-O 10. Nge2 a6 11. Nf4 Rb8 12. Be2 e5 13. Nfd5 Nxd5 14. cxd5 Nd4 15.
O-O Bd7 16. Bd3 Qa5 17. Rab1 Rfc8 18. Rfc1 b5 19. b4 Qd8 20. Ne2 Nxe2+ 21. Bxe2
Rxc1+ 22. Rxc1 Rc8 23. Rc3 Rxc3 24. Qxc3 Qc8 25. Qxc8+ Bxc8 26. Kf2 Kf8 27. Ke1
Bf6 28. Kd2 Bd8 29. Kc3 Bd7 30. a4 h5 31. g3 h4 32. axb5 axb5 33. Kd3 hxg3 34.
hxg3 f6 35. f4 Kf7 36. Ba7 Be7 37. Ke3 Bf8 38. Kf3 g5 39. f5 Kg7 40. Bb6 Be7
41. Bc7 Be8 42. Kg2 Kh6 43. Kh3 Kg7 1/2-1/2

[Event "Wch Seniors 23rd 2013"]
[Site "Rijeka"]
[Date "2013.11.16"]
[Round "5.6"]
[White "Lederman, Leon"]
[Black "Cebalo, Miso"]
[Result "1/2-1/2"]
[WhiteElo "2245"]
[BlackElo "2415"]
[PlyCount "118"]
[EventDate "2013.11.12"]

1. e4 c5 2. Nf3 Nc6 3. d4 cxd4 4. Nxd4 g6 5. Nc3 Bg7 6. Be3 Nf6 7. Bc4 O-O 8.
Bb3 d6 9. f3 Bd7 10. Qd2 Nxd4 11. Bxd4 b5 12. h4 a5 13. a4 bxa4 14. Nxa4 Rb8
15. Bc3 Qc8 16. Bxa5 Be6 17. Bxe6 Qxe6 18. O-O Rfc8 19. Bc3 Nd7 20. Bxg7 Kxg7
21. Rae1 Qc4 22. Qc3+ Qxc3 23. bxc3 Rc4 24. Ra1 f5 25. exf5 gxf5 26. g3 Ne5 27.
Ra3 Ra8 28. f4 Ng4 29. Rfa1 Re4 30. Nb6 Rxa3 31. Rxa3 Re1+ 32. Kg2 Re2+ 33. Kf1
Rxc2 34. c4 Kf7 35. Ke1 Nf6 36. Ra7 Ke6 37. Kd1 Rc3 38. Nc8 Nd7 39. Kd2 Rxc4
40. Rxd7 Rxc8 41. Ra7 Rg8 42. Ra3 Rb8 43. Ke3 h5 44. Kf3 Kf6 45. Ra6 Rd8 46.
Ke3 Rc8 47. Rb6 Ke6 48. Ra6 Rc3+ 49. Kf2 Kd5 50. Ra7 e5 51. fxe5 dxe5 52. Rh7
Rc2+ 53. Ke1 Ke4 54. Rxh5 Ke3 55. Kd1 Rd2+ 56. Ke1 Re2+ 57. Kd1 Rf2 58. Rg5
Rf1+ 59. Kc2 e4 1/2-1/2

[Event "Wch Seniors 23rd 2013"]
[Site "Rijeka"]
[Date "2013.11.16"]
[Round "5.7"]
[White "Giulian, Philip M"]
[Black "Rukavina, Josip"]
[Result "0-1"]
[WhiteElo "2244"]
[BlackElo "2405"]
[PlyCount "58"]
[EventDate "2013.11.12"]

1. d4 g6 2. c4 Bg7 3. e4 c5 4. d5 b5 5. cxb5 a6 6. Nc3 d6 7. a4 Nf6 8. Nf3 O-O
9. Be2 axb5 10. Bxb5 Ba6 11. Qe2 Qa5 12. O-O Nbd7 13. Bd2 Ne8 14. Bxa6 Qxa6 15.
Qxa6 Rxa6 16. b3 Nc7 17. Rab1 Rb8 18. Na2 f5 19. exf5 gxf5 20. Nh4 Rf8 21. Bc3
Nxd5 22. Bxg7 Kxg7 23. Rfd1 e6 24. Nf3 Kf6 25. Nd2 Ne5 26. Nc4 Rb8 27. g3 Nxc4
28. bxc4 Rxb1 29. Rxb1 Rxa4 0-1

[Event "Wch Seniors 23rd 2013"]
[Site "Rijeka"]
[Date "2013.11.16"]
[Round "5.8"]
[White "Karasev, Vladimir I"]
[Black "Jorgensen, Jorgen"]
[Result "1/2-1/2"]
[WhiteElo "2377"]
[BlackElo "2257"]
[PlyCount "86"]
[EventDate "2013.11.12"]

1. Nf3 f5 2. d3 d6 3. e4 e5 4. Nc3 Nc6 5. g3 Be7 6. Bg2 Nf6 7. O-O O-O 8. h3
Qe8 9. exf5 Bxf5 10. d4 Nxd4 11. Nxd4 exd4 12. Qxd4 c6 13. Re1 Qd7 14. Re2 Bd8
15. Bf4 d5 16. g4 Bb6 17. Qd2 Nxg4 18. hxg4 Bxg4 19. Bg3 Bxe2 20. Nxe2 Qg4 21.
Rf1 Rae8 22. Re1 Rxe2 23. Rxe2 Qxg3 24. Kf1 h6 25. a4 Qf4 26. Qxf4 Rxf4 27. Bh3
Kf8 28. Bc8 Rf7 29. b4 Bd4 30. b5 Rc7 31. Bf5 Kf7 32. Kg2 Kf6 33. Bg4 Be5 34.
Rd2 Kg5 35. Be2 Kf4 36. bxc6 bxc6 37. c4 d4 38. c5 g5 39. Rb2 d3 40. Rb4+ Kf5
41. Bxd3+ Ke6 42. Bc4+ Ke7 43. Be2 a5 1/2-1/2

[Event "Wch Seniors 23rd 2013"]
[Site "Rijeka"]
[Date "2013.11.16"]
[Round "5.9"]
[White "Mishuchkov, Nikolai M"]
[Black "Lind, Jan-Olof"]
[Result "1-0"]
[WhiteElo "2367"]
[BlackElo "2238"]
[PlyCount "93"]
[EventDate "2013.11.12"]

1. d4 Nf6 2. Nf3 g6 3. g3 Bg7 4. Bg2 O-O 5. O-O d6 6. a4 Na6 7. Re1 c5 8. d5
Nc7 9. Nc3 b6 10. Nd2 Ng4 11. h3 Ne5 12. e4 Ba6 13. f4 Nd7 14. Nf3 Bb7 15. e5
a6 16. Ng5 Rb8 17. e6 fxe6 18. Nxe6 Nxe6 19. Rxe6 Nf6 20. Kh2 Kh8 21. Re1 b5
22. axb5 axb5 23. Nxb5 Bxd5 24. Bxd5 Nxd5 25. Na7 Nb4 26. c3 Qd7 27. cxb4 Rxb4
28. Qd5 Bxb2 29. Ra2 Bxc1 30. Rxc1 Rd4 31. Qg2 Rd3 32. Qe2 Qf5 33. Re1 Qd5 34.
Qb2+ Kg8 35. Rxe7 Rf7 36. Re8+ Rf8 37. Rxf8+ Kxf8 38. Qh8+ Kf7 39. Qxh7+ Kf8
40. Re2 Re3 41. Rb2 Rb3 42. Qh8+ Kf7 43. Nc8 Qd3 44. Qh7+ Kf6 45. Qe7+ Kf5 46.
Nxd6+ Qxd6 47. g4+ 1-0

[Event "Wch Seniors 23rd 2013"]
[Site "Rijeka"]
[Date "2013.11.16"]
[Round "5.10"]
[White "Moen, Ole Christian"]
[Black "Shvedchikov, Anatoli I"]
[Result "0-1"]
[WhiteElo "2232"]
[BlackElo "2363"]
[PlyCount "116"]
[EventDate "2013.11.12"]

1. e4 c5 2. Nc3 Nc6 3. f4 e6 4. Nf3 Nge7 5. d3 d5 6. g3 g6 7. Bg2 Bg7 8. O-O
O-O 9. Qe2 b6 10. a4 Bb7 11. Nd1 dxe4 12. dxe4 Nd4 13. Nxd4 cxd4 14. c3 Rc8 15.
cxd4 Qxd4+ 16. Be3 Qc4 17. Qxc4 Rxc4 18. e5 Bxg2 19. Kxg2 Nd5 20. a5 Rfc8 21.
Rf2 Bf8 22. Kf3 Rb4 23. axb6 axb6 24. Bd2 Rb3+ 25. Ke2 Bb4 26. Rc1 Rd8 27. Bxb4
Rxb4 28. Rf3 Kg7 29. Rc2 Rd4 30. Rc6 Nb4 31. Rd6 R8xd6 32. exd6 Rxd6 33. Rb3
Nd5 34. Ne3 Nxe3 35. Kxe3 Kf6 36. g4 g5 37. Rb4 h6 38. Rb5 Rc6 39. f5 Ke7 40.
Ke4 Rc4+ 41. Kf3 Rf4+ 42. Kg3 exf5 43. gxf5 h5 44. Rxb6 Rxf5 45. Kg2 f6 46. Kg3
Kf7 47. b4 Rf4 48. h3 Kg6 49. Rb5 Rc4 50. Kf3 Rc3+ 51. Kg2 Rc2+ 52. Kg1 Rb2 53.
Kh1 h4 54. Kg1 f5 55. Rb6+ Kg7 56. Rb5 Kf6 57. Rb8 Ke5 58. b5 Kf4 0-1

[Event "Wch Seniors 23rd 2013"]
[Site "Rijeka"]
[Date "2013.11.16"]
[Round "5.11"]
[White "Barle, Janez"]
[Black "Trois, Francisco R.T"]
[Result "1-0"]
[WhiteElo "2356"]
[BlackElo "2229"]
[PlyCount "83"]
[EventDate "2013.11.12"]

1. e4 c5 2. f4 d5 3. exd5 Nf6 4. Bb5+ Nbd7 5. c4 a6 6. Bxd7+ Bxd7 7. Qe2 g6 8.
Nf3 Bg7 9. Ne5 O-O 10. d3 Re8 11. Be3 e6 12. d6 Qb6 13. Nc3 Qxd6 14. O-O-O Bc6
15. Qf2 b5 16. Bxc5 Qc7 17. Rhg1 Rec8 18. Bd4 Rab8 19. Kb1 Rd8 20. Ne2 Qb7 21.
g4 bxc4 22. dxc4 Ne4 23. Qe3 Nc5 24. Rd2 Ne4 25. Rc2 f6 26. Nxc6 Qxc6 27. b3
Rb7 28. Nc3 e5 29. fxe5 fxe5 30. Nd5 exd4 31. Qxe4 Qd6 32. Rf1 Rbd7 33. Re2 a5
34. g5 Rf7 35. Ne7+ Qxe7 36. Qxe7 Rxf1+ 37. Kc2 d3+ 38. Kd2 Rff8 39. Re3 Rf2+
40. Kd1 Rdf8 41. Rxd3 Rxa2 42. Rd8 1-0

[Event "Wch Seniors 23rd 2013"]
[Site "Rijeka"]
[Date "2013.11.16"]
[Round "5.12"]
[White "Fucak, Emilijo"]
[Black "Van Riemsdijk, Herman C"]
[Result "0-1"]
[WhiteElo "2223"]
[BlackElo "2347"]
[PlyCount "64"]
[EventDate "2013.11.12"]

1. Nf3 Nf6 2. d4 c5 3. e3 g6 4. a3 b6 5. Be2 Bg7 6. O-O O-O 7. c4 Bb7 8. Nc3
cxd4 9. Nxd4 d5 10. Qb3 e5 11. Nf3 dxc4 12. Bxc4 Nbd7 13. Rd1 Qe7 14. Nd5 Nxd5
15. Bxd5 Nc5 16. Qb4 e4 17. Bxb7 Qxb7 18. Nd4 Rfd8 19. b3 Rd5 20. Bb2 Qd7 21.
Qc4 Rd8 22. Qc2 Qg4 23. b4 Nd3 24. f3 Qg5 25. f4 Nxf4 26. exf4 Qxf4 27. Qf2
Qxf2+ 28. Kxf2 Bxd4+ 29. Bxd4 Rxd4 30. Rxd4 Rxd4 31. Rc1 Rd3 32. Rc4 e3+ 0-1

[Event "Wch Seniors 23rd 2013"]
[Site "Rijeka"]
[Date "2013.11.16"]
[Round "5.13"]
[White "Sloth, Jorn"]
[Black "Vokoun, Jan"]
[Result "1/2-1/2"]
[WhiteElo "2338"]
[BlackElo "2185"]
[PlyCount "87"]
[EventDate "2013.11.12"]

1. c4 Nc6 2. Nf3 e5 3. Nc3 g6 4. d4 exd4 5. Nxd4 Bg7 6. Nxc6 bxc6 7. g3 Qe7 8.
Bd2 Rb8 9. b3 h5 10. Bg2 h4 11. Rc1 Nh6 12. Qc2 f5 13. Nd1 c5 14. Bc3 Bb7 15.
Bxb7 Rxb7 16. Bxg7 Qxg7 17. Qc3 Qxc3+ 18. Rxc3 Ng4 19. f3 Nf6 20. Rg1 hxg3 21.
hxg3 Kf7 22. Ne3 Ke6 23. g4 f4 24. g5 Nh5 25. Ng4 a5 26. e3 a4 27. Ke2 axb3 28.
axb3 Rhb8 29. Rb1 Kf5 30. Rd3 d6 31. Rd5+ Ke6 32. Rd3 fxe3 33. Kxe3 Rb4 34. Kd2
Nf4 35. Re3+ Kf5 36. Rg1 Kxg5 37. Ne5+ Kf5 38. Nc6 Rxb3 39. Nxb8 Rxb8 40. Re7
Kf6 41. Rxc7 Rb2+ 42. Kc3 Rf2 43. Rd1 Rxf3+ 44. Kc2 1/2-1/2

[Event "Wch Seniors 23rd 2013"]
[Site "Rijeka"]
[Date "2013.11.16"]
[Round "5.15"]
[White "Wahlbom, Magnus"]
[Black "Kaminik, Aleksandar"]
[Result "1/2-1/2"]
[WhiteElo "2304"]
[BlackElo "2138"]
[PlyCount "66"]
[EventDate "2013.11.12"]

1. d4 Nf6 2. c4 g6 3. Nc3 Bg7 4. e4 d6 5. Be2 O-O 6. Nf3 Bg4 7. Be3 Nfd7 8. Rc1
c5 9. d5 Na6 10. Qd2 Re8 11. O-O Nc7 12. Bh6 Bh8 13. h3 Bxf3 14. Bxf3 a6 15. a4
b5 16. axb5 axb5 17. cxb5 Nb6 18. Be2 e6 19. Rfe1 exd5 20. Nxd5 Ncxd5 21. exd5
Ra2 22. Bf3 Be5 23. Rc2 Qa8 24. Bf4 f6 25. Bxe5 fxe5 26. Be4 Qa5 27. Qe2 Qb4
28. Rd1 Rf8 29. Qg4 Kg7 30. Qh4 Rf4 31. Qe7+ Rf7 32. Qh4 Rf4 33. Qe7+ Rf7
1/2-1/2

[Event "Wch Seniors 23rd 2013"]
[Site "Rijeka"]
[Date "2013.11.16"]
[Round "5.16"]
[White "Filipenko, Alexander V"]
[Black "Archangelsky, Mikhail"]
[Result "1/2-1/2"]
[WhiteElo "2288"]
[BlackElo "2162"]
[PlyCount "120"]
[EventDate "2013.11.12"]

1. e4 e6 2. d4 d5 3. Nc3 Nf6 4. Bg5 dxe4 5. Nxe4 Nbd7 6. Nf3 h6 7. Nxf6+ Nxf6
8. Be3 Nd5 9. Bd2 c5 10. Bb5+ Bd7 11. Bxd7+ Qxd7 12. c4 Nb6 13. Rc1 Be7 14.
dxc5 Bxc5 15. b4 Be7 16. c5 Nd5 17. Ne5 Qc7 18. Qa4+ Kf8 19. Nc4 g6 20. O-O Kg7
21. Rfd1 Bf6 22. g3 h5 23. h4 a6 24. Kg2 Rhd8 25. Ne3 Qc6 26. Qxc6 bxc6 27. Nc4
Rab8 28. a3 Kf8 29. Bg5 Bxg5 30. hxg5 Ke7 31. Kf3 Kf8 32. Rd3 Kg7 33. Rh1 Rh8
34. Ke4 Rbd8 35. Ke5 Rhf8 36. f4 Rh8 37. Rd4 Rhf8 38. Ke4 Nc3+ 39. Kd3 Rxd4+
40. Kxd4 Ne2+ 41. Ke5 Rd8 42. Nd6 Nxg3 43. Rh3 Nf5 44. a4 Ne7 45. Rb3 Nd5 46.
b5 axb5 47. axb5 cxb5 48. Rxb5 h4 49. Rb3 Ra8 50. f5 gxf5 51. Nxf5+ exf5 52.
Kxd5 Kg6 53. c6 Kxg5 54. c7 Rc8 55. Kd6 Kg4 56. Rb8 Rxc7 57. Kxc7 f4 58. Rg8+
Kf3 59. Kd6 h3 60. Ke5 h2 1/2-1/2

[Event "Wch Seniors 23rd 2013"]
[Site "Rijeka"]
[Date "2013.11.16"]
[Round "5.17"]
[White "Hartung-Nielsen, Jens"]
[Black "Piasetski, Leon"]
[Result "1/2-1/2"]
[WhiteElo "2219"]
[BlackElo "2288"]
[PlyCount "68"]
[EventDate "2013.11.12"]

1. Nf3 f5 2. d4 Nf6 3. Bg5 e6 4. Nbd2 Be7 5. Bxf6 Bxf6 6. e4 O-O 7. Bd3 d5 8.
exf5 exf5 9. O-O Nc6 10. c3 Qd6 11. Qc2 g6 12. b4 Bd7 13. Rfe1 Rae8 14. b5 Nd8
15. Nb3 Rxe1+ 16. Rxe1 Re8 17. Rxe8+ Bxe8 18. Qe2 Kf8 19. Ne5 Ne6 20. g3 c5 21.
bxc6 bxc6 22. Nf3 Bd8 23. Qd2 Qe7 24. Bf1 Ng5 25. Nxg5 Qxg5 26. Qxg5 Bxg5 27.
Ba6 Ke7 28. Kf1 Kd6 29. f4 Be7 30. h4 Kc7 31. Ke2 Kb6 32. Bc8 Bf7 33. Kd2 Kc7
34. Ba6 Kb6 1/2-1/2

[Event "Wch Seniors 23rd 2013"]
[Site "Rijeka"]
[Date "2013.11.16"]
[Round "5.18"]
[White "Agzamov, Valery"]
[Black "Thormann, Wolfgang"]
[Result "1/2-1/2"]
[WhiteElo "2183"]
[BlackElo "2271"]
[PlyCount "97"]
[EventDate "2013.11.12"]

1. d4 e6 2. e4 d5 3. Nd2 Nf6 4. Bd3 c5 5. e5 Nfd7 6. c3 Nc6 7. Ne2 cxd4 8. cxd4
Nb6 9. O-O Bd7 10. Nf3 Be7 11. a3 a5 12. b3 Na7 13. Re1 Bb5 14. Bb1 Rc8 15. Nf4
h5 16. Nh3 a4 17. b4 Qc7 18. Ra2 Bc4 19. Rc2 Qd7 20. Bg5 Bf8 21. Nf4 Bb3 22.
Rxc8+ Qxc8 23. Qd3 Nc4 24. Nd2 Nxd2 25. Qxd2 Bc4 26. Rc1 Qd7 27. Bc2 b5 28. h4
Nc6 29. Ng6 Rg8 30. Qe3 Qa7 31. Nxf8 Rxf8 32. Rd1 Rh8 33. Rd2 Kd7 34. Qg3 Kc8
35. Be3 g6 36. Bb1 Rd8 37. Kh1 Kb7 38. Qf4 Ka6 39. Qf6 Qe7 40. Qxe7 Nxe7 41.
Bg5 Re8 42. Bxe7 Rxe7 43. Kh2 Bb3 44. Kg3 Rc7 45. Kf4 Rc1 46. Rb2 Rd1 47. Ke3
Re1+ 48. Kf4 Rd1 49. Ke3 1/2-1/2

[Event "Wch Seniors 23rd 2013"]
[Site "Rijeka"]
[Date "2013.11.16"]
[Round "5.19"]
[White "Kiefer, Gerhard"]
[Black "Dogantug, Ahmet Ismail"]
[Result "1/2-1/2"]
[WhiteElo "2271"]
[BlackElo "2117"]
[PlyCount "44"]
[EventDate "2013.11.12"]

1. e4 e5 2. Nf3 Nc6 3. Bb5 a6 4. Ba4 Nf6 5. O-O Be7 6. Re1 b5 7. Bb3 d6 8. c3
O-O 9. h3 Na5 10. Bc2 c5 11. d4 Qc7 12. Nbd2 Nc6 13. d5 Nd8 14. b3 Bd7 15. Bb2
g6 16. Nf1 Nh5 17. Ng3 Nxg3 18. fxg3 f6 19. g4 Nf7 20. Kh1 Kg7 21. Rf1 Rh8 22.
Bd3 Ng5 1/2-1/2

[Event "Wch Seniors 23rd 2013"]
[Site "Rijeka"]
[Date "2013.11.16"]
[Round "5.20"]
[White "La Rota, Fabio"]
[Black "Tsomaia, Sergo"]
[Result "1/2-1/2"]
[WhiteElo "2258"]
[BlackElo "1859"]
[PlyCount "69"]
[EventDate "2013.11.12"]

1. d4 Nf6 2. Nc3 d5 3. Qd3 e6 4. Bg5 Be7 5. Nf3 Nbd7 6. g3 O-O 7. Bg2 c5 8. O-O
cxd4 9. Qxd4 b6 10. e4 Bb7 11. exd5 Nxd5 12. Nxd5 Bxd5 13. Bxe7 Qxe7 14. c4 Bb7
15. Rfd1 Rfd8 16. Qf4 Nc5 17. Qe3 Rac8 18. Nd4 Bxg2 19. Kxg2 Qb7+ 20. f3 a5 21.
Rd2 Rd7 22. Rad1 Rcd8 23. Nb5 Rxd2+ 24. Rxd2 Rxd2+ 25. Qxd2 Qd7 26. Qd6 Qxd6
27. Nxd6 Kf8 28. Nc8 Ke8 29. Nd6+ Kd7 30. Nxf7 Nd3 31. b3 Nc1 32. Kf2 Nxa2 33.
Ne5+ Kd6 34. Nd3 Nc3 35. Ke3 1/2-1/2

[Event "Wch Seniors 23rd 2013"]
[Site "Rijeka"]
[Date "2013.11.16"]
[Round "5.21"]
[White "Samartsev, Alexander"]
[Black "Blechzin, Igor"]
[Result "0-1"]
[WhiteElo "2160"]
[BlackElo "2411"]
[PlyCount "70"]
[EventDate "2013.11.12"]

1. d4 Nf6 2. c4 g6 3. Nc3 Bg7 4. e4 d6 5. f4 c5 6. d5 O-O 7. Nf3 e6 8. Be2 exd5
9. cxd5 Bg4 10. O-O Nbd7 11. h3 Bxf3 12. Bxf3 a6 13. a4 Qc7 14. Re1 Ne8 15. Qc2
c4 16. Be3 Nc5 17. Rad1 Rb8 18. Ne2 Nd3 19. Rxd3 cxd3 20. Qxd3 Bxb2 21. e5 dxe5
22. Qb3 e4 23. Bxe4 Bg7 24. Bf3 Nd6 25. Rc1 Qe7 26. Qb6 Qd8 27. Qb4 b5 28. Rc6
Nf5 29. Bc5 a5 30. Qb3 bxa4 31. Qxa4 Re8 32. Kh2 Rb2 33. Ng3 Nh4 34. Qd1 Bc3
35. d6 Rd2 0-1

[Event "Wch Seniors 23rd 2013"]
[Site "Rijeka"]
[Date "2013.11.16"]
[Round "5.23"]
[White "Kristiansen, Jens"]
[Black "Ofstad, Per"]
[Result "1-0"]
[WhiteElo "2407"]
[BlackElo "2181"]
[PlyCount "55"]
[EventDate "2013.11.12"]

1. e4 e5 2. Bc4 Nf6 3. d3 d5 4. exd5 Nxd5 5. Nf3 Nc6 6. O-O Be7 7. Re1 Bg4 8.
h3 Be6 9. Nxe5 Nxe5 10. Rxe5 O-O 11. Nd2 c6 12. Nf3 Bd6 13. Re1 Qf6 14. Ng5 Qg6
15. c3 Rae8 16. Nxe6 Rxe6 17. Rxe6 Qxe6 18. Bd2 Re8 19. Qf3 h6 20. Kf1 Qg6 21.
Bxd5 cxd5 22. Qxd5 Re5 23. Qf3 Rf5 24. Qg4 Qf6 25. Be3 Bf4 26. Bd4 Be5 27. Bxe5
Rxe5 28. Re1 1-0

[Event "Wch Seniors 23rd 2013"]
[Site "Rijeka"]
[Date "2013.11.16"]
[Round "5.24"]
[White "Hammar, Bengt"]
[Black "Herzog, Adolf"]
[Result "0-1"]
[WhiteElo "2231"]
[BlackElo "2379"]
[PlyCount "118"]
[EventDate "2013.11.12"]

1. e4 e6 2. d4 d5 3. Nc3 Bb4 4. e5 c5 5. a3 Bxc3+ 6. bxc3 Ne7 7. a4 Nbc6 8. Nf3
Qa5 9. Qd2 Bd7 10. Bd3 f6 11. O-O fxe5 12. dxe5 O-O 13. Re1 Rxf3 14. gxf3 Rf8
15. c4 Qxd2 16. Bxd2 Nd4 17. Kg2 Nxf3 18. Re2 Bc6 19. Kf1 Nxh2+ 20. Ke1 Nf3+
21. Kd1 Nd4 22. Re1 Rxf2 23. Be3 Rg2 24. Bxd4 cxd4 25. Re2 Rg1+ 26. Re1 Rg3 27.
Kd2 g6 28. Rg1 Rh3 29. a5 a6 30. Raf1 dxc4 31. Bxc4 Nd5 32. Rg4 Rh2+ 33. Kc1
Kg7 34. Bxd5 Bxd5 35. Rxd4 Re2 36. c4 Bc6 37. Rdf4 Rxe5 38. Rf7+ Kh6 39. Re7
Rxa5 40. Rff7 Rc5 41. Rxh7+ Kg5 42. Rxe6 Rxc4+ 43. Kd2 Kf5 44. Rd6 g5 45. Kd3
Ra4 46. Ke3 Ra3+ 47. Kd4 g4 48. Rf7+ Kg5 49. Rg7+ Kh4 50. Ke5 Kg3 51. Rf6 Bf3
52. Kd4 Kg2 53. Rfg6 Kf2 54. Kc5 Ra1 55. Kb6 Rb1+ 56. Ka7 a5 57. Rxg4 Bxg4 58.
Rxg4 Rb4 59. Rg5 a4 0-1